Cliffhanger : (Record no. 25265)

MARC details
000 -LEADER
fixed length control field 01794ngm a2200349 4500
003 - CONTROL NUMBER IDENTIFIER
control field dpl
005 - DATE AND TIME OF LATEST TRANSACTION
control field 20090316151158.0
007 - PHYSICAL DESCRIPTION FIXED FIELD--GENERAL INFORMATION
fixed length control field DVD
008 - FIXED-LENGTH DATA ELEMENTS--GENERAL INFORMATION
fixed length control field ||||||sp199 xxu|||||c ||| 00| 0 ng d
010 ## - LIBRARY OF CONGRESS CONTROL NUMBER
LC control number DVD-001779-1781
024 ## - OTHER STANDARD IDENTIFIER
Standard number or code VENF 0268
Terms of availability 69.00
035 ## - SYSTEM CONTROL NUMBER
System control number DVD-001779-1781
040 ## - CATALOGING SOURCE
Original cataloging agency DPL
Transcribing agency DPL
082 ## - DEWEY DECIMAL CLASSIFICATION NUMBER
Classification number DVD / CLIF
245 ## - TITLE STATEMENT
Title Cliffhanger :
Statement of responsibility, etc Mario Kassar Presents
Medium [videorecording] DVD/
Remainder of title an avalanche of thrills /
260 ## - PUBLICATION, DISTRIBUTION, ETC. (IMPRINT)
Name of publisher, distributor, etc Moserbaer Entertainment
300 ## - PHYSICAL DESCRIPTION
Extent 2 videodisc VCD;
Other physical details sd., col. ;
Dimensions 4 3/4 in.
Type of unit VCD
440 ## - SERIES STATEMENT/ADDED ENTRY--TITLE
Title Moserbaer Home Entertainment
500 ## - GENERAL NOTE
General note Moserbaer India Ltd. has obtained the necessary licence/conssent from the owner of the copyright in the wroks for making this DVD Film.
500 ## - GENERAL NOTE
General note Winner Ascap Award: Top Box Office Films<br/>Nominated Oscar Award :Best Effects, Sound Effect Editing, Best Effects, Visual Effects, Best Sound<br/>Nominated Award of the Japanese Academy : Best Foreign Film<br/><br/>
538 ## - SYSTEM DETAILS NOTE
System details note Dolby Digital 5.1 -Englishi Subtitles: English
650 ## - SUBJECT ADDED ENTRY--TOPICAL TERM
Topical term or geographic name as entry element Motion Picture
700 ## - ADDED ENTRY--PERSONAL NAME
Personal name Stallone, Sylvester
700 ## - ADDED ENTRY--PERSONAL NAME
Personal name Lithcow, John
700 ## - ADDED ENTRY--PERSONAL NAME
Personal name Rooker, Michael
700 ## - ADDED ENTRY--PERSONAL NAME
Personal name Leon, Turner
942 ## - ADDED ENTRY ELEMENTS (KOHA)
Koha item type CD-ROMs, DVDs, VHS
Source of classification or shelving scheme Dewey Decimal Classification
Classification part DVD
Call number suffix CLIF
Holdings
Withdrawn status Lost status Source of classification or shelving scheme Damaged status Not for loan Home library Current library Date acquired Source of acquisition Cost, normal purchase price Total Checkouts Total Renewals Full call number Barcode Date last seen Date checked out Copy number Cost, replacement price Price effective from Koha item type
    Dewey Decimal Classification     Central Library Central Library 16/03/2009 Purchase 69.00 7 1 DVD CLIF DVD-001779 30/08/2010 18/08/2010 1 69.00 16/03/2009 CD-ROMs, DVDs, VHS
    Dewey Decimal Classification     Patel Nagar Patel Nagar 16/03/2009 Purchase 69.00 10 1 DVD CLIF DVD-001781 11/02/2012 22/01/2012 1 69.00 16/03/2009 CD-ROMs, DVDs, VHS
    Dewey Decimal Classification     Sarojini Nagar Sarojini Nagar 16/03/2009 Purchase 69.00 14   DVD CLIF DVD-001780 03/10/2015 01/08/2015 1 69.00 16/03/2009 CD-ROMs, DVDs, VHS

© Delhi Public Library
Hit Counter
free hit counter